| 000 | 00921cad a22002175a 4500 | ||
|---|---|---|---|
| 001 | L150696 | ||
| 008 | 100819e2010 xxk 000 0 eng d | ||
| 035 | _a(Sirsi) u150696 | ||
| 041 | 0 | _aeng | |
| 050 | _a338.47624 $2 18 | ||
| 110 | 2 |
_aRoyal Institution of Chartered Surveyors _bEconomics _95033 |
|
| 245 | 0 | 0 |
_aRICS construction market survey _bUnited Kingdom _bsecond quarter 2010 _h[electronic resource] |
| 260 |
_aLondon _bRICS _c2010 |
||
| 490 |
_aRICS Construction Market Survey _bUnited Kingdom _vsecond quarter 2010 |
||
| 520 | _aNational results, regional results charts and chartered surveyor market comments; construction outlook deteriorates. | ||
| 590 | _aKA NTK | ||
| 651 | 4 |
_aUnited Kingdom _y |
|
| 690 | _aBUILT ENVIRONMENT-CONSTRUCTION MARKET | ||
| 856 | 4 | 8 |
_uhttps://www.rics.org/site/scripts/download_info.aspx?downloadID=5669&fileID=7232 _zView the website free of charge at www.rics.org |
| 942 | _n0 | ||
| 999 |
_c82610 _d82610 |
||